Responses for Show #5317 - Tuesday, October 23, 2007

Nick Swezey game 2.

Contestants

[<< previous game]

Aaron Shapiro, a graduate student from Baldwin, New York

Tim Lesle, a freelance journalist from San Francisco, California

Nick Swezey, a publisher from Washington, D.C. (whose 1-day cash winnings total $32,001)

[next game >>]

Jeopardy! Round responses

NAME THAT CENTURY
ANIMATED MOVIES
THE CABINET
ALSO AN AIRLINE
THE OCCIDENTAL TOURIST
"V" ME
    $200 8
the 18th century

Aaron
    $200 3
Cars

Aaron
    $200 1
the Justice Department

Tim
    $200 13
Northwest

Nick
    $200 23
San Antonio

Nick
    $200 18
vodka

Aaron
    $400 9
the 19th century

Aaron
    $400 4
Happy Feet

Nick
    $400 2
the ATF (Alcohol, Tobacco, & Firearms)

Aaron
    $400 14
Frontier

Nick
    $400 24
(Nick: What is San Marino?)

Vatican City

Nick
Triple Stumper
    $400 19
(Tim: What is venomous? ...Vi--What is viper? [Smiles])
(Alex: [*], okay, good.)

vipers

Tim
    $600 10
the 17th century

Nick
    $600 5
The Polar Express

Tim
    $600 28
the Lincoln Bedroom

Tim
    $600 15
Horizon

Nick
    $600 25
Fargo

Nick
    $600 20
(Nick: Uh, what is venal?)

venial

Nick
Triple Stumper
    $800 11
the 15th century

Tim
    $800 6
Jimmy Neutron

Tim
    $2,000 29
(Tim: What is the War Department?)

the Navy

Tim
    $800 16
Delta

Nick
    $800 26
Cannes

Tim
    $800 21
a vacuum

Nick
    $1000 12
the 14th century

Aaron
    $1000 7
The Incredibles

Nick
    $1000 30
(Nick: What is Education?)

Health & Human Services

Nick
Triple Stumper
    $1000 17
(Nick: What is Song?)

United

Nick
Triple Stumper
    $1000 27
Seville

Nick
    $1000 22
(Nick: What is vituperative?)
(Aaron: What is vituperous?)

vitriolic

NickTimAaron

Scores at the first commercial break (after clue 17):

Nick Tim Aaron
$3,000 $2,400 $2,200

Scores at the end of the Jeopardy! Round:

Nick Tim Aaron
$2,600 $3,200 $1,400

Double Jeopardy! Round responses

U.S. MUSEUMS
BROADWAY DEBUTS
AUTHORS ON AUTHORS
LADIES' DAY
DID YOU PLANET THAT WAY?
IN THE MIDDLE OF THE COUNTRY
(Alex: Each of the clues in that category will contain a highlighted word that fits in the middle of the name of a country.)
    $400 18
New Orleans

Aaron
    $400 6
(Tim: Who is Christopher Reeves?)
(Alex: Ye--No. Aaron.)
(Aaron: Who is George Reeves?)

Christopher Reeve

NickTimAaron
    $400 1
Hemingway

Aaron
    $400 25
Ono

Nick
    $400 13
Venus

Tim
    $400 8
Uruguay

Nick
    $800 19
National Geographic

Nick
    $800 7
Grease

Aaron
    $800 2
Mark Twain

Tim
    $800 26
Jane Goodall

Tim
    $800 14
Jupiter

Tim
    $800 9
Macedonia

Tim
    $1200 20
Smithfield

Nick
    $1200 23
Julia Roberts

Triple Stumper
    $1200 3
(Thomas) Hardy

Tim
    $1200 27
the Manhattan Project

Tim
    $1200 15
(Tim: What is Neptune?)
(Aaron: What is Pluto?)

Saturn

TimAaron
Triple Stumper
    $1200 10
Madagascar

Tim
    $1600 21
the Museum of Tolerance

Triple Stumper
    $1600 24
Annie Get Your Gun

Tim
    $2,000 4
Oscar Wilde

Tim
    $1600 28
Tina Brown

Tim
    $1600 16
Mars

Tim
    $2,500 11
(Tim: What is...)

Liechtenstein

Tim
    $2000 22
Huntsville

Nick
    $2000 30
Liam Neeson

Nick
    $2000 5
(Tim: Who is Shelley?)

Keats

NickTim
    $2000 29
Israel

Nick
    $2000 17
(Tim: What is Pluto?)

Uranus

Tim
Triple Stumper
    $2000 12
Portugal

Tim

Scores at the end of the Double Jeopardy! Round:

Nick Tim Aaron
$13,800 $11,100 $1,400

[wagering suggestions for these scores]

Final Jeopardy! Round responses

GEOMETRY
(Alex: When I read this clue, I had no idea. Been a long time since I took geometry.)
...
(Alex: [Revealing Tim's response] Circle gets the square. Yes.)
[Laughter]
AaronWhat is a circle?
$0
TimWhat is a circle?
$10,000
NickWhat is a circle?
$8,401
a circle

Final scores:

Nick Tim Aaron
$22,201 $21,100 $1,400
2-day champion: $54,202 2nd place: $2,000 3rd place: $1,000

Game dynamics:

Coryat scores:

Nick Tim Aaron
$13,800 $15,200 $1,400
20 R,
5 W
21 R
(including 1 DD),
6 W
(including 2 DDs)
9 R,
3 W

Combined Coryat: $30,400

[game clues] [game scores] [suggest correction]

Game tape date: 2007-07-31
The J! Archive is created by fans, for fans. Scraping, republication, monetization, and malicious use prohibited; this site may use cookies and collect identifying information. See terms. The Jeopardy! game show and all elements thereof, including but not limited to copyright and trademark thereto, are the property of Jeopardy Productions, Inc. and are protected under law. This website is not affiliated with, sponsored by, or operated by Jeopardy Productions, Inc. Join the discussion at JBoard.tv.